Working together : twelve principles for achieving excellence in managing projects, teams, and organizations /

Bibliographic Details
Main Author: Lewis, James P., 1941-
Corporate Author: NetLibrary, Inc
Format: eBook
Language:English
Published: New York : McGraw-Hill, 2001.
Subjects:
Online Access:Connect to the full text of this electronic book

MARC

Tag First Indicator Second Indicator Subfields
LEADER 00000cam a2200000La 4500
001 in00001762002
005 20220105110511.0
006 m u
007 cr cn---------
008 011207s2001 nyu sb 001 0 eng d
020 |a 0071395512 (electronic bk.) 
035 |a (OCoLC)ocm49569879 
040 |a N$T  |c N$T  |d OCLCQ  |d UtOrBLW 
043 |a n-us--- 
049 |a IICA 
050 1 4 |a HD9711.U64  |b B645 2001eb 
082 0 4 |a 629.13/068  |2 21 
100 1 |a Lewis, James P.,  |d 1941-  |0 http://id.loc.gov/authorities/names/n94107032 
245 1 0 |a Working together :  |b twelve principles for achieving excellence in managing projects, teams, and organizations /  |c James P. Lewis. 
264 1 |a New York :  |b McGraw-Hill,  |c 2001. 
300 |a 250 pages ;  |c 23 cm. 
336 |a text  |b txt  |2 rdacontent 
337 |a computer  |b c  |2 rdamedia 
338 |a online resource  |b cr  |2 rdacarrier 
504 |a Includes bibliographical references and index. 
533 |a Electronic reproduction.  |b Boulder, Colo. :  |c NetLibrary,  |d 2001.  |n Available via World Wide Web.  |n Access may be limited to NetLibrary affiliated libraries. 
500 |a Electronic resource. 
610 2 0 |a Boeing Company  |x Management. 
650 0 |a Aircraft industry  |z United States  |x Management  |v Case studies. 
650 0 |a Project management  |v Case studies.  |0 http://id.loc.gov/authorities/subjects/sh2010108615 
650 0 |a Teams in the workplace  |v Case studies. 
655 7 |a Electronic books.  |2 local 
710 2 |a NetLibrary, Inc.  |0 http://id.loc.gov/authorities/names/no99080690 
776 1 |c Original  |z 0071379517  |w (DLC) 2001045246  |w (OCoLC)47238801 
856 4 1 |u https://proxy.library.tamu.edu/login?url=http://www.netLibrary.com/urlapi.asp?action=summary&v=1&bookid=63904  |z Connect to the full text of this electronic book  |t 0 
994 |a X0  |b IIC 
999 |a MARS 
999 f f |s 8ba6b8c9-c7cd-3322-a78b-d3d6eef46c26  |i cc9b5800-8501-3baf-8d2b-878547160553  |t 0 
952 f f |a Texas A&M University  |b College Station  |c Electronic Resources  |d Available Online  |t 0  |e HD9711.U64 B645 2001eb  |h Library of Congress classification 
998 f f |a HD9711.U64 B645 2001eb  |t 0  |l Available Online